Mereka tidak mengerti

Bibliographic Details
Main Author: Hashim Awang
Format: Book
Published: K.L : K Publishing & Distributors , 1991
Subjects:

MARC

LEADER 00000cam a2200000 7i4500
001 0000006606
002 000007127
005 .0
020 |a 9838521124 
090 0 0 |a F   |b HAS 
100 0 |a Hashim Awang 
245 1 0 |a Mereka tidak mengerti   |c Hashim Awang 
260 |a K.L :   |b K Publishing & Distributors ,   |c 1991 
300 |a 266 p. ;   |c 18 cm. 
650 0 0 |a Malay fiction 
999 |a 038372   |b BUKU   |c PINJAMAN   |e PERPUSTAKAAN KOMUNITI PETALING JAYA